<?xml version="1.0" encoding="UTF-8"?><?xml-stylesheet type="text/xsl" href="static/style.xsl"?><OAI-PMH xmlns="http://www.openarchives.org/OAI/2.0/" xmlns:xsi="http://www.w3.org/2001/XMLSchema-instance" xsi:schemaLocation="http://www.openarchives.org/OAI/2.0/ http://www.openarchives.org/OAI/2.0/OAI-PMH.xsd"><responseDate>2026-04-17T11:56:47Z</responseDate><request verb="GetRecord" identifier="oai:www.recercat.cat:2072/414561" metadataPrefix="marc">https://recercat.cat/oai/request</request><GetRecord><record><header><identifier>oai:recercat.cat:2072/414561</identifier><datestamp>2024-10-31T00:48:25Z</datestamp><setSpec>com_2072_98</setSpec><setSpec>col_2072_378192</setSpec></header><metadata><record xmlns="http://www.loc.gov/MARC21/slim" xmlns:dcterms="http://purl.org/dc/terms/" xmlns:xsi="http://www.w3.org/2001/XMLSchema-instance" xmlns:doc="http://www.lyncode.com/xoai" xsi:schemaLocation="http://www.loc.gov/MARC21/slim http://www.loc.gov/standards/marcxml/schema/MARC21slim.xsd">
   <leader>00925njm 22002777a 4500</leader>
   <datafield ind2=" " ind1=" " tag="042">
      <subfield code="a">dc</subfield>
   </datafield>
   <datafield ind2=" " ind1=" " tag="720">
      <subfield code="a">Fernández-Viciana, Ana</subfield>
      <subfield code="e">author</subfield>
   </datafield>
   <datafield ind2=" " ind1=" " tag="720">
      <subfield code="a">Fernández Costales, Alberto</subfield>
      <subfield code="e">author</subfield>
   </datafield>
   <datafield ind2=" " ind1=" " tag="260">
      <subfield code="c">2017</subfield>
   </datafield>
   <datafield ind2=" " ind1=" " tag="520">
      <subfield code="a">Este artículo presenta una investigación original sobre la autoeficacia docente y la formación lingüística percibida por los estudiantes del Grado en Educación Primaria (mención de inglés) de una universidad pública española. La investigación utiliza una muestra de 4 alumnos a los que se realizó una entrevista que incluía 21 preguntas. Los resultados obtenidos tras el análisis cualitativo sugieren que los participantes cuyo nivel es inferior al B2 muestran una autoeficacia lingüística baja. En líneas generales, los alumnos reclaman una mayor atención a la formación lingüística recibida en sus estudios, ya que esta resulta determinante para modelar su autoeficacia lingüística.</subfield>
   </datafield>
   <datafield ind2=" " ind1=" " tag="520">
      <subfield code="a">This paper reports on an original research on teacher efficacy and the perceived linguistic training of students of the Degree in Primary Education (English stream) in a Spanish university. The research relies on a sample of 4 students answered a 21-item interview. The results show students report a low language self-efficacy in the case of students with levels below B2. Students demand more attention should be paid to the learning of the L2 in their degrees and they are clearly influenced by the way their learned the foreign language at school.</subfield>
   </datafield>
   <datafield ind2=" " ind1=" " tag="520">
      <subfield code="a">Cet article présente une recherche originale sur l'auto-efficacité sur l'enseignant auto-efficacité et la formation linguistique perçue pour les élèves de la formation des enseignants de qualité dans l'enseignement primaire (mention anglais) d'une université espagnole. La recherche utilise un échantillon de 4 étudiants qui ont réalisé un entretien avec 21 questions. Les résultats de l'étude montrent une auto-efficacité linguistique faible, notamment chez les étudiants ayant un niveau en anglais inférieur à BS. Les étudiants réclament que l'on accorde une attention spéciale à cet aspect et déclarent être nettement influencés par la manière dont ils ont appris la langue étrangère à l'école.</subfield>
   </datafield>
   <datafield ind2=" " ind1=" " tag="520">
      <subfield code="a">Aquest article presenta una investigació original sobre l'autoeficàcia docent i la formació lingüística percebuda pels estudiants del Grau en Educació Primària (menció d'anglès) d'una universitat pública espanyola. La investigació utilitza una mostra de 4 alumnes als quals es va realitzar una entrevista que incloïa 21 preguntes. Els resultats obtinguts després de l'anàlisi qualitativa suggereixen que els participants amb el nivell inferior al B2 mostren una autoeficàcia lingüística baixa. En línies generals, els alumnes reclamen una major atenció a la formació lingüística rebuda en els seus estudis, ja que aquesta resulta determinant per modelar la seva autoeficàcia lingüística.</subfield>
   </datafield>
   <datafield tag="653" ind2=" " ind1=" ">
      <subfield code="a">Autoeficacia</subfield>
   </datafield>
   <datafield tag="653" ind2=" " ind1=" ">
      <subfield code="a">Formación del profesorado</subfield>
   </datafield>
   <datafield tag="653" ind2=" " ind1=" ">
      <subfield code="a">Educación primaria</subfield>
   </datafield>
   <datafield tag="653" ind2=" " ind1=" ">
      <subfield code="a">Enseñanza del inglés</subfield>
   </datafield>
   <datafield tag="653" ind2=" " ind1=" ">
      <subfield code="a">Aprendizaje de lenguas extranjeras</subfield>
   </datafield>
   <datafield tag="653" ind2=" " ind1=" ">
      <subfield code="a">Self-efficacy</subfield>
   </datafield>
   <datafield tag="653" ind2=" " ind1=" ">
      <subfield code="a">Teacher training</subfield>
   </datafield>
   <datafield tag="653" ind2=" " ind1=" ">
      <subfield code="a">Language competence</subfield>
   </datafield>
   <datafield tag="653" ind2=" " ind1=" ">
      <subfield code="a">Primary education</subfield>
   </datafield>
   <datafield tag="653" ind2=" " ind1=" ">
      <subfield code="a">English teaching</subfield>
   </datafield>
   <datafield tag="653" ind2=" " ind1=" ">
      <subfield code="a">Auto-efficacité</subfield>
   </datafield>
   <datafield tag="653" ind2=" " ind1=" ">
      <subfield code="a">Formation des enseignants</subfield>
   </datafield>
   <datafield tag="653" ind2=" " ind1=" ">
      <subfield code="a">Compétence linguistique</subfield>
   </datafield>
   <datafield tag="653" ind2=" " ind1=" ">
      <subfield code="a">Education primaire</subfield>
   </datafield>
   <datafield tag="653" ind2=" " ind1=" ">
      <subfield code="a">Enseignement de l'anglais</subfield>
   </datafield>
   <datafield tag="653" ind2=" " ind1=" ">
      <subfield code="a">Autoeficàcia</subfield>
   </datafield>
   <datafield tag="653" ind2=" " ind1=" ">
      <subfield code="a">Formació del professorat</subfield>
   </datafield>
   <datafield tag="653" ind2=" " ind1=" ">
      <subfield code="a">Educació primària</subfield>
   </datafield>
   <datafield tag="653" ind2=" " ind1=" ">
      <subfield code="a">Ensenyament de l'anglès</subfield>
   </datafield>
   <datafield tag="653" ind2=" " ind1=" ">
      <subfield code="a">Aprenentatge de llengües estrangeres</subfield>
   </datafield>
   <datafield ind2="0" ind1="0" tag="245">
      <subfield code="a">El pensamiento de los futuros maestros de inglés en Educación Primaria : creencias sobre su autoeficacia docente</subfield>
   </datafield>
</record></metadata></record></GetRecord></OAI-PMH>